00534nam a2200193Ia 450000500170000000800410001704000190005804100120007708200190008910000190010824500480012726000420017530000110021750400190022863000310024765000290027865100230030785000100033020230503113725.0131103s9999 xx 000 0 und d aLoreto College aEnglish a823.8bELI-MAC aMckenzie, K.A. aEdith simcox and George EliotcK.A.Mckenzie aLondonbOxford university pressc1961 a146p.  aInclutes index aEnglish fiction-ciriticism aEliot, George-ciriticism aEnglish literature aLCLIB